<?xml version="1.0" encoding="UTF-8"?>
<record
    xmlns:xsi="http://www.w3.org/2001/XMLSchema-instance"
    xsi:schemaLocation="http://www.loc.gov/MARC21/slim http://www.loc.gov/standards/marcxml/schema/MARC21slim.xsd"
    xmlns="http://www.loc.gov/MARC21/slim">

  <leader>02482nam a2200325Ia 4500</leader>
  <controlfield tag="001">43160</controlfield>
  <controlfield tag="003">DR-UNIBE</controlfield>
  <controlfield tag="005">20250729153154.0</controlfield>
  <controlfield tag="008">200723b2010    mx ||||| |||| 00| 0 spa d</controlfield>
  <datafield tag="020" ind1=" " ind2=" ">
    <subfield code="a">6074425035</subfield>
  </datafield>
  <datafield tag="020" ind1=" " ind2=" ">
    <subfield code="a">9786074425031</subfield>
  </datafield>
  <datafield tag="040" ind1=" " ind2=" ">
    <subfield code="a">BIBLIOTECA UNIBE</subfield>
    <subfield code="c">BIBLIOTECA UNIBE</subfield>
    <subfield code="b">spa</subfield>
  </datafield>
  <datafield tag="041" ind1=" " ind2=" ">
    <subfield code="a">spa</subfield>
    <subfield code="h">eng</subfield>
  </datafield>
  <datafield tag="082" ind1="0" ind2="4">
    <subfield code="a">370.15 W913p 2010</subfield>
    <subfield code="2">22</subfield>
  </datafield>
  <datafield tag="100" ind1="1" ind2=" ">
    <subfield code="a">Woolfolk, Anita E.</subfield>
    <subfield code="e">autor</subfield>
    <subfield code="9">60399</subfield>
  </datafield>
  <datafield tag="245" ind1="1" ind2="0">
    <subfield code="a">Psicolog&#xED;a educativa / </subfield>
    <subfield code="c">Anita E. Woolfolk</subfield>
  </datafield>
  <datafield tag="250" ind1=" " ind2=" ">
    <subfield code="a">Decimoprimera edici&#xF3;n</subfield>
  </datafield>
  <datafield tag="260" ind1=" " ind2=" ">
    <subfield code="a">M&#xE9;xico : </subfield>
    <subfield code="b">Prentice Hall/Pearson Educaci&#xF3;n de M&#xE9;xico, S.A. de C.V.,</subfield>
    <subfield code="c">2010</subfield>
  </datafield>
  <datafield tag="300" ind1=" " ind2=" ">
    <subfield code="a">xxix, 614 p&#xE1;ginas : </subfield>
    <subfield code="b">ilustraciones, fotograf&#xED;as ;</subfield>
    <subfield code="c">28 cm</subfield>
  </datafield>
  <datafield tag="504" ind1=" " ind2=" ">
    <subfield code="a">Incluye referencias bibliogr&#xE1;ficas (p&#xE1;ginas: 563-595) e &#xED;ndices</subfield>
  </datafield>
  <datafield tag="505" ind1="0" ind2=" ">
    <subfield code="a">Prefacio |
1. Aprendizaje, ense&#xF1;anza y psicolog&#xED;a educativa |
PARTE 1. ESTUDIANTES |
2. Desarrollo cognoscitivo y lenguaje |
3. Desarrollo personal, social y moral |
4. Diferencias entre los aprendices y necesidades de aprendizaje |
5. Cultura y diversidad |
PARTE 2. APRENDIZAJE Y MOTIVACI&#xD3;N |
6. Perspectivas conductistas del aprendizaje |
7. Perspectivas cognoscitivas del aprendizaje |
8. Procesos cognoscitivos complejos |
9. Ciencias del aprendizaje y constructivismo |
10.	Perspectivas cognoscitivas sociales del aprendizaje y la motivaci&#xF3;n |
11.	Motivaci&#xF3;n para el aprendizaje y la ense&#xF1;anza |
PARTE 3. ENSE&#xD1;ANZA Y EVALUACI&#xD3;N |
12.	Creaci&#xF3;n de ambientes de aprendizaje |
13.	Ense&#xF1;anza para cada estudiante |
14.	Evaluaci&#xF3;n en el aula, asignaci&#xF3;n de calificaciones y pruebas estandarizadas
</subfield>
  </datafield>
  <datafield tag="520" ind1="3" ind2=" ">
    <subfield code="a">La psicolog&#xED;a educativa estudia c&#xF3;mo aprenden los estudiantes y c&#xF3;mo los docentes pueden facilitar ese aprendizaje mediante intervenciones efectivas. El libro de Anita Woolfolk ofrece una visi&#xF3;n integral sobre el desarrollo cognitivo, social y emocional de los estudiantes, as&#xED; como estrategias did&#xE1;cticas y evaluativas que promueven la inclusi&#xF3;n y la equidad en el aula. Adem&#xE1;s, se enfatiza la importancia de la motivaci&#xF3;n y la adaptaci&#xF3;n a las diferencias individuales para mejorar la pr&#xE1;ctica educativa.</subfield>
  </datafield>
  <datafield tag="650" ind1=" " ind2="7">
    <subfield code="a">Psicopedagog&#xED;a</subfield>
    <subfield code="9">167166</subfield>
    <subfield code="2">lemb</subfield>
  </datafield>
  <datafield tag="650" ind1=" " ind2="7">
    <subfield code="a">Psicolog&#xED;a cognoscitiva</subfield>
    <subfield code="2">lemb</subfield>
    <subfield code="9">2437</subfield>
  </datafield>
  <datafield tag="650" ind1=" " ind2="7">
    <subfield code="a">Psicolog&#xED;a del aprendizaje</subfield>
  </datafield>
  <datafield tag="650" ind1=" " ind2="7">
    <subfield code="a">Adquisici&#xF3;n del lenguaje</subfield>
    <subfield code="2">lemb</subfield>
  </datafield>
  <datafield tag="700" ind1="1" ind2=" ">
    <subfield code="a">Pineda Ayala, Leticia Esther</subfield>
    <subfield code="e">traductor</subfield>
    <subfield code="9">22791</subfield>
  </datafield>
  <datafield tag="700" ind1="1" ind2=" ">
    <subfield code="a">Ort&#xED;z Salinas, Mar&#xED;a Elena</subfield>
    <subfield code="e">revisor t&#xE9;cnico</subfield>
    <subfield code="9">62294</subfield>
  </datafield>
  <datafield tag="942" ind1=" " ind2=" ">
    <subfield code="c">BK-RES</subfield>
    <subfield code="2">ddc</subfield>
  </datafield>
  <datafield tag="999" ind1=" " ind2=" ">
    <subfield code="c">43160</subfield>
    <subfield code="d">43160</subfield>
  </datafield>
  <datafield tag="952" ind1=" " ind2=" ">
    <subfield code="0">0</subfield>
    <subfield code="1">0</subfield>
    <subfield code="2">ddc</subfield>
    <subfield code="7">0</subfield>
    <subfield code="8">RES</subfield>
    <subfield code="a">Principal</subfield>
    <subfield code="d">2017-01-10</subfield>
    <subfield code="l">1</subfield>
    <subfield code="o">370.15 W913p_2010</subfield>
    <subfield code="p">12C0133</subfield>
    <subfield code="r">2021-09-22 00:00:00</subfield>
    <subfield code="s">2021-07-22</subfield>
    <subfield code="t">Ej.1</subfield>
    <subfield code="w">2017-01-10</subfield>
    <subfield code="y">BK-RES</subfield>
  </datafield>
</record>
